Guide to WTO and GATT / (Record no. 171097)

MARC details
000 -LEADER
fixed length control field 00611nam a2200181 4500
005 - DATE AND TIME OF LATEST TRANSACTION
control field 20200108132022.0
010 ## - LCCN (DPL NO)
LC control number ENG-127274
020 ## - INTERNATIONAL STANDARD BOOK NUMBER
International Standard Book Number 9789382823889
Terms of availability 750.00
035 ## - SYSTEM CONTROL NUMBER
System control number EN-110806
037 ## - SOURCE OF ACQUISITION
Source of stock number/acquisition DBAD/PUB
082 ## - DEWEY DECIMAL CLASSIFICATION NUMBER
Classification number 343.087
100 ## - MAIN ENTRY--PERSONAL NAME
Personal name Koul,Autar krishen
245 ## - TITLE STATEMENT
Title Guide to WTO and GATT /
Statement of responsibility, etc by Autar Krishen Koul
Remainder of title Economics, Law and Politics
260 ## - PUBLICATION, DISTRIBUTION, ETC. (IMPRINT)
Place of publication, distribution, etc New Delhi
Name of publisher, distributor, etc Satyam Law International
Date of publication, distribution, etc 2018
270 ## - ADDRESS
Address Satish Upadhyay, Satyam law International 2/13, Ansari Road Daryaganj
City New Delhi
Postal code 110002
300 ## - PHYSICAL DESCRIPTION
Extent XXVI,678
Dimensions 24cm(PBK)
942 ## - ADDED ENTRY ELEMENTS (KOHA)
Source of classification or shelving scheme Dewey Decimal Classification
Item type English Books
Classification part 343.087
Call number suffix KOU
Holdings
Withdrawn status Lost status Not for loan Collection code Home library Current library Date acquired Source of acquisition Cost, normal purchase price Full call number Barcode Copy number Cost, replacement price Koha item type
      Non-fiction Sarojini Nagar Sarojini Nagar 06/01/2020 DBAD/PUB 750.00 343.087 KOU EN-110806 1 750.00 English Books

© Delhi Public Library
Hit Counter
free hit counter